Catálogo

EL PEZ PULMONADO, EL DODO Y EL UNICORNIO : (Registro nro. 14943)

Detalles MARC
000 -LEADER
fixed length control field 00472nam a2200169 a 4500
001 - CONTROL NUMBER
control field 14943
005 - DATE AND TIME OF LATEST TRANSACTION
control field 20180713203509.0
008 - FIXED-LENGTH DATA ELEMENTS--GENERAL INFORMATION
fixed length control field 140415s1963 000 0 spa d
041 ## - LANGUAGE CODE
Language code of text/sound track or separate title spa
082 ## - DEWEY DECIMAL CLASSIFICATION NUMBER
Classification number 591
Item number LEY
100 1# - MAIN ENTRY--PERSONAL NAME
Personal name LEY, WILLY
245 13 - TITLE STATEMENT
Title EL PEZ PULMONADO, EL DODO Y EL UNICORNIO :
Remainder of title UN EXCURSION POR LA ZOOLOGIA FANTASTICA
260 ## - PUBLICATION, DISTRIBUTION, ETC.
Place of publication, distribution, etc. [s.l.] :
Name of publisher, distributor, etc. ESPASA CALPE,
Date of publication, distribution, etc. 1963
300 ## - PHYSICAL DESCRIPTION
Extent 360
650 14 - SUBJECT ADDED ENTRY--TOPICAL TERM
Topical term or geographic name entry element ZOOLOGIA
700 1# - ADDED ENTRY--PERSONAL NAME
Personal name BANFI, JOSE
Relator term tr.
Existencias
Withdrawn status Lost status Source of classification or shelving scheme Damaged status Not for loan Collection code Home library Current library Shelving location Date acquired Source of acquisition Inventory number Total Checkouts Full call number Barcode Date last seen Date last checked out Price effective from Koha item type
    Dewey Decimal Classification     General Biblioteca Karol Wojtyla Biblioteca Karol Wojtyla Sala general 03/12/2013 Compra 151000000000000000001092 1 591 LEY 3236 05/01/2026 20/08/2019 03/12/2013 Libro